[Event "Mlada Boleslav Region-ch U20"]
[Site "Mlada Boleslav"]
[Date "2012.06.24"]
[Round "6"]
[White "Tymalova, Marie"]
[Black "Hlubuckova, Tereza"]
[Result "1-0"]
[WhiteElo "1100"]
[BlackElo "1100"]
[PlyCount "75"]
[EventDate "2012.06.23"]
[EventType "swiss"]
[EventRounds "7"]
[EventCountry "CZE"]
[SourceTitle "EXT 2014"]
[Source "ChessBase"]
[SourceDate "2013.11.20"]
[SourceVersion "1"]
[SourceVersionDate "2013.11.20"]
[SourceQuality "1"]

1. e4 e6 2. Nf3 d6 3. Bc4 Nf6 4. Nc3 Nc6 5. 0-0 g6 6. d3 b6 7. h3 Bb7 8. Bg5 Bg7 9. d4 e5 10. d5 h6 11. dxc6 Bxc6 12. Be3 Qd7 13. Qd2 0-0-0 14. Rad1 h5 15. Ng5 Rde8 16. Bxf7 Re7 17. Bxg6 Bh6 18. Bf5 Nxe4 19. Bxd7+ Rxd7 20. Qd3 Nxg5 21. Bxg5 Bxg5 22. Qc4 Bb7 23. Qe6 Be7 24. Nb5 Ba6 25. Nxa7+ Kb7 26. Rfe1 Kxa7 27. Qxd7 Bd8 28. Qg7 Re8 29. Qg6 Re7 30. Qg5 Bb7 31. Re3 Re8 32. Qxh5 Rg8 33. Rg3 Rf8 34. Ra3+ Ba6 35. g3 Rf6 36. Qh8 Be7 37. Qc8 Rf8 38. Rxa6# 1-0